Minería y petróleo (Registro nro. 17762)

Detalles MARC
000 -CABECERA
Campo de control 01090nam a22002537a 4500
005 - FECHA Y HORA DE LA ULTIMA TRANSACCION
Campo de control 20171005020002.0
008 - ELEMENTOS DE LONGITUD FIJA—INFORMACION GENERAL
Campo de control 150909b2015 ck |||||r|||| 00| 0 spa d
020 ## - ISBN
ISBN 9789589831113
040 ## - FUENTE DE CATALOGACIÓN
Agencia catalogadora original CO-BoIAVH
Agencia transcriptora CO-BoIAVH
041 0# - IDIOMA
Código de idioma para texto/pista de sonido o título separado Español
044 ## - PAÍS DE PUBLICACIÓN
País de publicación Colombia
082 04 - NUMERO DE CLASIFICACION DECIMAL DEWEY
Número de clasificación 320.12
Número del ítem B42m
100 1# - ASIENTO PRINCIPAL--NOMBRE PERSONAL
Nombre personal Bejarano Barrera, Edgar
9 (RLIN) 38431
245 1# - MENCION DE TITULO
Título Minería y petróleo
Parte restante del título del daño al riesgo y del riesgo a una oportunidad estratégica de cambio/
Mención de responsabilidad Edgar Bejarano Barrera
260 ## - PUBLICACION, DISTRIBUCION, ETC. (PIE DE IMPRENTA)
Lugar de publicación, distribución, etc. Bogotá:
Nombre del editor, distribuidor, etc. Fundación AVINA,
Fecha de publicación, distribución, etc. 2015.
300 ## - DESCRIPCION FISICA
Extensión 180 páginas
Otros detalles físicos tablas y gráficas a color
Dimensiones 23 cm
500 ## - NOTA GENERAL
Nota general Incluye anexos.<br/>Incluye índices de tablas, gráficos y anexos.
504 ## - NOTA DE BIBLIOGRAFIA, ETC.
Nota de bibliografía Incluye referencias bibliográficas (Páginas 165-172).
505 0# - NOTA DE CONTENIDO
Nota de contenido 1. Minería y petróleo: ¿Un riesgo o una oportunidad de cambio?<br/>2. Diagnóstico de Colombia frente a la maldición.<br/>3. Comentarios sobre la minería y el petróleo en Colombia.
650 #6 - ASIENTO SECUNDARIO DE MATERIA - TERMINO TEMATICO
Término temático o nombre geográfico como elemento de entrada Minería
Subdivisión geográfica Colombia
9 (RLIN) 48940
650 #6 - ASIENTO SECUNDARIO DE MATERIA - TERMINO TEMATICO
Término temático o nombre geográfico como elemento de entrada Petróleo
Subdivisión geográfica Colombia
9 (RLIN) 48941
650 #6 - ASIENTO SECUNDARIO DE MATERIA - TERMINO TEMATICO
Término temático o nombre geográfico como elemento de entrada Combustibles fósiles
Subdivisión geográfica Colombia
9 (RLIN) 48942
942 ## - ELEMENTOS ADICIONALES (KOHA)
Sistema de clasificación Dewey Decimal Classification
Tipo de ítem Libro
Koha issues (borrowed), all copies 1
Existencias
Withdrawn status Lost status Sistema de Clasificación Damaged status No para préstamo Colección Inventariado Ubicación Permanente Ubicación actual Fecha de adquisición Fuente de Valor Valor Total Checkouts Número topográfico Inventario / Código de Barras Date last seen Date checked out Ejemplar Price effective from Forma de adquisición Tipo de material
    Dewey Decimal Classification     General Inventariado 2017 Bogotá Bogotá 10/09/2015 Instituto 39000.00 1 LB-320.12 B42m 039196 04/10/2017 04/10/2017 Ej. 1 10/09/2015   Libro